Statistics for Suicide Note - A cut song from Beetlejuice the musical lyrics

Click here to take the quiz!

General Stats

  • This quiz has been taken 5 times
  • The average score is 51 of 102

Answer Stats

HintAnswer% Correct
be
75%
By
75%
mom
75%
a
50%
abandoned
50%
all
50%
alone
50%
and
50%
away
50%
blame
50%
can't
50%
cliche
50%
cruel
50%
Daddy
50%
Daddy's
50%
dad's
50%
deal
50%
Delia
50%
dies
50%
done
50%
down
50%
else
50%
eventually
50%
fall
50%
folks
50%
going
50%
goodbye
50%
hamlet
50%
he
50%
he's
50%
him
50%
homes
50%
hope
50%
I
50%
i
50%
i'm
50%
in
50%
insane
50%
invisible
50%
It's
50%
i've
50%
just
50%
kill
50%
like
50%
lost
50%
marrying
50%
my
50%
myself!
50%
myself
50%
never
50%
nobody
50%
note
50%
of
50%
off
50%
Ophelia
50%
plans
50%
popped
50%
pray
50%
read
50%
sad
50%
see
50%
sell
50%
So
50%
sociopath
50%
sorry
50%
taking
50%
that
50%
the
50%
their
50%
there's
50%
this
50%
time
50%
to
50%
town
50%
when
50%
whos
50%
will
50%
with
50%
world,
50%
you
50%
you're
50%
LydiaYou're
50%
know
25%
You'll
25%

Score Distribution

Percentile by Number Answered

Percent of People with Each Score

Your Score History

You have not taken this quiz